Most Common Last Names in Germany - Statistics

General Stats
  • This quiz has been taken 157 times
  • The average score is 5 of 16
Answer Stats
Letter Last Name Frequency % Correct
M Müller 1:85
92%
S Schmidt 1:113
73%
M Meyer 1:248
48%
S Schneider 1:184
42%
B Bauer 1:357
34%
W Weber 1:246
31%
F Fischer 1:215
29%
B Becker 1:287
26%
W Wagner 1:268
25%
K Klein 1:402
18%
S Schulz 1:289
18%
W Wolf 1:412
16%
K Koch 1:349
15%
H Hoffman 1:292
14%
R Richter 1:351
14%
S Schäfer 1:362
6%
No matching quizzes found
Score Distribution
Percent of People with Each Score
Percentile by Number Answered
Your Score History
You have not taken this quiz